000 01307cam a2200289 4500
008 021216n2003 000 0 eng u
020 _a1842191209
035 _a(Sirsi) u120775
041 _aeng
050 _a336.21
_c18
110 _aRoyal Institution of Chartered Surveyors
_bPolicy Unit
_94169
245 4 _aThe future of business rating transition in England
_bsummary version
260 _aLondon
_bRICS
_c2003
300 _a15p.
_c30cm.
490 _aRICS Research
520 _aThe executive summary of a report examining the possible introduction of different transitional schemes for revaluations in 2005 and beyond. The report suggests business rate transitional arrangements must be fundamentally reformed if they are to be less complicated and fairer to businesses. The report was written when the Local Government Bill 2002-03 was being considered by parliament.
650 _aRATING REVALUATION
650 _aBUSINESS RATES
650 _aUNIFORM BUSINESS RATE
650 _aRATEABLE VALUE
690 _aRATING AND LOCAL TAXATION
710 _aIPD Occupiers Property Databank
_94259
710 _aRating Surveyors' Association
_92328
710 _aInstitute of Revenues, Rating and Valuation
_92992
710 _aRoyal Institution of Chartered Surveyors
_94900
942 _n0
999 _c102565
_d102565